Word Ladder: On the Other One Quiz Stats

Quiz Updated Nov 22, 2016

Challenge
Share
Tweet
Embed
Score 0/66 Timer 07:00
0 Plays Today
Hint 4-Letter Word % Correct
▶ Rear side ◀BACK
93.8%
Frozen rain pelletsHAIL
93.7%
Male deerBUCK
93.7%
Shopping complexMALL
93.6%
▶ 60 minute interval ◀HOUR
93.4%
Perceive with earsHEAR
93.4%
▶ Spherical toy ◀BALL
93.1%
HairlessBALD
93%
Paddling quackerDUCK
92.8%
Sudden loud noiseBANG
92.7%
Cushy, like a pillowSOFT
92.7%
Slope alongside riverBANK
92.6%
Letters conveyed by postMAIL
92.6%
Organize by typeSORT
92.4%
AchySORE
92.2%
5,280 feetMILE
92.2%
▶ Female domestic servant ◀MAID
92.1%
Bus or taxi feeFARE
92%
▶ Train track component ◀RAIL
91.9%
Stop abruptlyHALT
91.8%
DifficultHARD
91.5%
Make wellHEAL
91.5%
Germinated grain for brewingMALT
91.3%
▶ Grow crops for a living ◀FARM
91.2%
▶ Created ◀MADE
91%
▶ Golfers' warning shout ◀FORE
90.8%
▶ Not all ◀SOME
90.3%
Salute the FührerHEIL
90.1%
Injure, hurt anotherHARM
89.9%
▶ Statement of charges ◀BILL
89.2%
Steel processing plantMILL
89.1%
Surprise attackRAID
89%
Gradually grow faintFADE
88.9%
Hint 4-Letter Word % Correct
▶ Emancipated ◀FREE
88.3%
SoloLONE
88%
Space under a roofLOFT
87.9%
Shape, configurationFORM
87.8%
Canadian singer k.d.LANG
87.4%
Confident and courageousBOLD
87%
Frost, rimeHOAR
86.7%
May be deciduous or coniferousTREE
86.5%
27th US President WilliamTAFT
86.3%
▶ Measuring a great distance ◀LONG
85.8%
Capital of MaldivesMALÉ
85.7%
▶ Politically liberal ◀LEFT
85.3%
▶ Ship's cargo space ◀HOLD
85%
▶ Adorn festively ◀DECK
82.8%
Capital of TogoLOMÉ
82.5%
Otter denHOLT
81.5%
Guitar neck dividerFRET
81.3%
'Very' to ParisianTRÉS
81.1%
Travel aroundTOUR
80.3%
Silly, foolishDAFT
80.3%
Skillful, adeptDEFT
77.8%
Quarter bushelPECK
77.3%
Furtive glancePEEK
76.7%
Little piggiesTOES
75.9%
Stocking stuffersFEET
71.7%
Boast or brag aboutTOUT
71.7%
Syriana actress AmandaPEET
70.1%
▶ Sleeve terminus ◀CUFF
69.8%
Short cluster of elongated strandsTUFT
69%
Civil wrongTORT
65.5%
Rocky hillsTORS
61.3%
Rock formed by volcanic ashTUFF
60.5%
▶▶ COMMON BOND ◀◀HAND
58.6%

Today's Daily Dose

You're not logged in!

Compare scores with friends on all Sporcle quizzes.
Sign Up with Email
OR
Log In

You Might Also Like...

Show Comments

Extras

Top Quizzes Today


Score Distribution

Your Account Isn't Verified!

In order to create a playlist on Sporcle, you need to verify the email address you used during registration. Go to your Sporcle Settings to finish the process.